Thalassa, thalassa! : Empúries, ciutat grega a Catalunya / F. Xavier Hernàndez Empúries, ciutat grega a Catalunya / F. Xavier Hernàndez
Publicado:
Barcelona :
Graó : Servei d'Ensenyament i Investigació de la Diputació de Barcelona ,
1989
Descripción Física:
64 p. : il. ; 20 x 21 cm
Colección:
Biblioteca de la classe ; 40
MARC
| LEADER | 00000nam a2200000Ia 4500 | ||
|---|---|---|---|
| 001 | 9621 | ||
| 008 | 160829s1989 xx 000 0 cat d | ||
| 080 | |a H-2-63 | ||
| 100 | |a Hernández, Francesc Xavier |9 24627 | ||
| 245 | |a Thalassa, thalassa! : |b Empúries, ciutat grega a Catalunya / F. Xavier Hernàndez | ||
| 260 | |a Barcelona : |b Graó : |b Servei d'Ensenyament i Investigació de la Diputació de Barcelona, |c 1989 | ||
| 300 | |a 64 p. : |b il. ; |c 20 x 21 cm | ||
| 490 | |a Biblioteca de la classe ; 40 | ||
| 650 | |a Grecs |x Empúries (Ciutat antiga) |x Ensenyament |9 24628 | ||
| 650 | |a Empúries (Ciutat antiga) |x Vida social i costums |x Ensenyament |9 24629 | ||
| 710 | 1 | |a Barcelona (Catalunya : Província). |b Servei d'Ensenyament i Investigació |9 54366 | |
| 901 | |a Arxiu | ||
| 942 | |n 1 | ||
| 952 | |0 0 |1 0 |4 0 |6 H263 |7 1 |9 43237 |a Arxiu |b Arxiu |d 2016-12-01 |l 0 |o H-2-63 |p 9621 |r 2016-12-01 00:00:00 |w 2016-12-01 |y ARXIU | ||
| 999 | |c 45781 |d 45781 | ||